000 01079namaa2200301 i 4500
003 EG-GICUC
005 20260127142428.0
008 260124s1964 iq |||jr|||| 001 0 ara d
040 _aEG-GiCUC
_bara
_cEG-GiCUC
_dEG-GiCUC
_erda
082 0 4 _221
_a414
_bS1587m
092 0 4 _221
_a414
_bS1587m
099 _a414 S1587m
100 1 _aمطلوب، أحمد
_eمؤلف.
245 1 2 _aالبلاغة عند السكاكى /
_cالدكتور احمد مطلوب.
246 1 4 _aAs - Sakkakiʼs Conception Of Rhetoric
250 _aالطبعة الاولى
264 _aبغداد (العراق) :
_bمنشورات مكتبة النهضة،
_c1964.
300 _a484 صفحة ؛
_c25 سم
336 _2rdacontent
_atext
337 _2rdamedia
_aUnmediated
338 _2rdacarrier
_avolume
504 _aيشتمل على ارجاعات ببليوجرافية وفهارس.
541 _aد. جابر عصفور ؛
_bالقاهرة ؛
_cإهداء ؛
_d2024.
650 1 7 _aالبلاغة العربية
_2qrmak
651 1 _2qrmak
905 _aAya
942 _2ddc
_cBK
_e21
_n0
999 _c177982
_d177982